Riptide - Vance Joy (Lyrics) - Statistics

General Stats
  • This quiz has been taken 1,266 times
    767 since last reset
  • The average score is 277 of 337
Answer Stats
Answer % Correct
I
99%
the
99%
a
98%
and
95%
And
95%
dark
95%
riptide
94%
to
93%
in
92%
my
92%
you
92%
of
91%
was
91%
down
90%
scared
90%
when
90%
your
90%
be
88%
running
88%
girls
87%
pretty
87%
starting
87%
all
86%
are
86%
conversations
86%
love
86%
Oh
86%
oh,
86%
side
86%
sing
86%
dentists
85%
friends
85%
green
85%
wanna
85%
You're
85%
you're
85%
man
84%
song
84%
turning
84%
Lady
83%
that
83%
away
82%
singing
82%
gonna
80%
got
80%
wrong
79%
dream
78%
words
78%
Cause
76%
left-hand
74%
lump
74%
throat
74%
this
69%
This
69%
from
68%
on
67%
come
66%
know
66%
way
66%
it
65%
just
65%
New
65%
she's
65%
City
64%
if
64%
York
64%
by
63%
for
63%
like
63%
seen
62%
stay
62%
taken
62%
Taken
62%
their
62%
they
62%
ever
61%
think
61%
have
60%
his
60%
assistant
59%
cant
59%
magician's
59%
movie
59%
other
59%
any
58%
been
58%
gotta
58%
shelf
58%
himself
57%
living
57%
thing
57%
job
56%
quit
56%
screen
56%
Closest
55%
highest
55%
swear
55%
unstuck
55%
you'll
55%
you've
55%
Michelle
54%
decides
53%
destined
53%
cowboys
52%
There's
52%
I'll
44%
Pfeiffer
43%
heads
41%
Yeah
32%
guy
18%
No matching quizzes found
Score Distribution
Percent of People with Each Score
Percentile by Number Answered
Your Score History
You have not taken this quiz since the last reset